000 00376pab a2200145 454500
008 180718b xxu||||| |||| 00| 0 eng d
100 _aKashyap Subhash C.
245 _aNehru or NEP?
362 _a26 Sep 1994, p.8
650 _a Economic Development -- India
650 _a Economic Reforms -- India
650 _aIndia -- Economic Policy
773 _aHindu
909 _a27364
999 _c27364
_d27364